京都府の鉄道 - Statistics

General Stats
  • This quiz has been taken 88 times
    13 since last reset
  • The average score is 60 of 252
Answer Stats
Hint Answer % Correct
JR京都線 | JR奈良線 | JR嵯峨野(山陰)線 | 近鉄京都線 京都
100%
桃山
100%
宇治
100%
向日町
86%
長岡京
86%
二条
86%
嵯峨嵐山
86%
JR琵琶湖線 山科
71%
木津
71%
太秦
71%
八木
71%
鍼灸大学前
71%
烏丸
71%
嵐山
71%
三条
71%
鞍馬
71%
四条
71%
鞍馬口
71%
西大路
57%
桂川
57%
丹波口
57%
福知山
57%
同志社前
57%
加茂
57%
57%
七条
57%
京阪京津線 御陵
57%
東寺
57%
十条
57%
桃山御陵前
57%
宮津
57%
天橋立
57%
九条
57%
烏丸御池
57%
椥辻
57%
太秦天神川
57%
東福寺
43%
稲荷
43%
六地蔵
43%
黄檗
43%
新田
43%
西舞鶴
43%
東舞鶴
43%
石清水八幡宮
43%
大久保
43%
木津川台
43%
与謝野
43%
五条
43%
京都市役所前
43%
西大路御池
43%
山崎
29%
木幡
29%
城陽
29%
山城多賀
29%
梅小路京都西
29%
保津峡
29%
園部
29%
綾部
29%
京田辺
29%
笠置
29%
阪急京都本線 大山崎
29%
河原町
29%
丹波橋
29%
祇園四条
29%
京阪山科
29%
貴船口
29%
竹田
29%
東山
29%
JR藤森
29%
JR小倉
29%
長池
14%
山城青谷
14%
玉水
14%
棚倉
14%
上狛
14%
円町
14%
花園
14%
馬堀
14%
並河
14%
千代川
14%
吉富
14%
山家
14%
石原
14%
祝園
14%
下狛
14%
月ケ瀬口
14%
長岡天神
14%
西向日
14%
東向日
14%
洛西口
14%
西院
14%
大宮
14%
中書島
14%
藤森
14%
伏見稲荷
14%
鳥羽街道
14%
京都精華大前
14%
上鳥羽口
14%
伏見
14%
近鉄丹波橋
14%
向島
14%
小倉
14%
久津川
14%
寺田
14%
富野荘
14%
新田辺
14%
興戸
14%
三山木
14%
近鉄宮津
14%
狛田
14%
新祝園
14%
山田川
14%
福知山市民病院口
14%
くいな橋
14%
国際会館
14%
京福電車嵐山本線 四条大宮
14%
等持院・立命館大学衣笠キャンパス前
14%
JR三山木
14%
船岡
0%
日吉
0%
胡麻
0%
下山
0%
和知
0%
安栖里
0%
立木
0%
高津
0%
上川口
0%
下夜久野
0%
上夜久野
0%
西木津
0%
大住
0%
松井山手
0%
淵垣
0%
梅迫
0%
真倉
0%
大河原
0%
松尾寺
0%
西山天王山
0%
西京極
0%
上桂
0%
松尾大社
0%
京阪本線・鴨東線 橋本
0%
0%
伏見桃山
0%
墨染
0%
龍谷大前深草
0%
清水五条
0%
神宮丸太町
0%
出町柳
0%
観月橋
0%
桃山南口
0%
小幡
0%
三室戸
0%
四宮
0%
元田中
0%
茶山
0%
一乗寺
0%
修学院
0%
宝ケ池
0%
三宅八幡
0%
八瀬比叡山口
0%
八幡前
0%
岩倉
0%
木野
0%
二軒茶屋
0%
市原
0%
二ノ瀬
0%
伊勢田
0%
0%
下天津
0%
公庄
0%
大江
0%
大江高校前
0%
二俣
0%
大江山口内宮
0%
辛川
0%
喜多
0%
宮村
0%
四所
0%
東雲
0%
丹後神崎
0%
丹後由良
0%
栗田
0%
岩滝口
0%
京丹後大宮
0%
峰山
0%
網野
0%
夕日ヶ浦木津温泉
0%
小天橋
0%
かぶと山
0%
久美浜
0%
丸太町
0%
今出川
0%
北大路
0%
北山
0%
松ヶ崎
0%
石田
0%
醍醐
0%
小野
0%
東野
0%
蹴上
0%
三条京阪
0%
二条城前
0%
西大路三条
0%
山ノ内
0%
嵐電天神川
0%
蚕ノ社
0%
太秦広隆寺
0%
帷子ノ辻
0%
有栖川
0%
車折神社
0%
鹿王院
0%
嵐電嵯峨
0%
撮影所前
0%
常盤
0%
鳴滝
0%
宇多野
0%
御室仁和寺
0%
妙心寺
0%
龍安寺
0%
北野白梅町
0%
No matching quizzes found
Score Distribution
Percent of People with Each Score
Percentile by Number Answered
Your Score History
You have not taken this quiz since the last reset